000 00560nam a2200181Ia 4500
003 GCL
008 140319s9999 xx 000 0 ara d
040 _aGCL /
_cGCL
082 0 4 _a812
_bس ف
100 1 _aسنية قراعة
245 1 0 _aالفتح الاكبر : مسرحية اسلامية فى ست لوحات /
_cسنية قراعة
300 _a155 ص
490 _a
650 0 4 _aالمسرحيات الدينية
650 0 4 _aالمسرحيات العربية
650 0 4 _aالادب العربى - العصر الحديث
942 _2ddc
_cBK
999 _c45548
_d45548